[Event "Open Letni Praha 2017 - A"]
[Site "Praha"]
[Date "2017.08.04"]
[Round "1"]
[White "Matras, Ondrej"]
[Black "Kohtz, Andreas"]
[Result "1-0"]
[WhiteElo "2264"]
[BlackElo "1946"]
[PlyCount "85"]
[EventDate "2017.08.04"]

1. d4 Nf6 2. c4 g6 3. f3 Bg7 4. e4 d6 5. Nc3 O-O 6. Be3 e5 7. d5 Nh5 8. Qd2 f5
9. O-O-O f4 10. Bf2 Bf6 11. Nge2 Bh4 12. Bg1 Qe7 13. Kb1 Na6 14. Nc1 Bd7 15.
Nd3 Rfd8 16. Nb5 c5 17. dxc6 bxc6 18. Qa5 cxb5 19. Qxa6 bxc4 20. Nb4 Rab8 21.
Bxc4+ Kg7 22. Nd5 Qg5 23. Rd2 Be6 24. Bxa7 Rbc8 25. Bb6 Rf8 26. Rc1 Kh6 27. Nc7
Bxc4 28. Rxc4 Qe7 29. Nd5 Qe6 30. Rxc8 Rxc8 31. Qb7 Bd8 32. Bxd8 Rxd8 33. Rc2
Rd7 34. Rc7 Nf6 35. Rxd7 Nxd7 36. Qc8 Qf7 37. Qd8 Qe6 38. a4 Nc5 39. a5 Qf7 40.
b4 Nd3 41. b5 Qa7 42. Qh4+ Kg7 43. Qe7+ 1-0

[Event "Open Letni Praha 2017 - A"]
[Site "Praha"]
[Date "2017.08.04"]
[Round "1"]
[White "Oviedo Rodriguez, Miguel Angel"]
[Black "Haag, Martin"]
[Result "0-1"]
[WhiteElo "1945"]
[BlackElo "2263"]
[PlyCount "112"]
[EventDate "2017.08.04"]

1. Nf3 c5 2. c4 e6 3. Nc3 Nf6 4. g3 b6 5. Bg2 Bb7 6. O-O Be7 7. Re1 d5 8. cxd5
Nxd5 9. d4 cxd4 10. Nxd5 Qxd5 11. Qxd4 O-O 12. Qxd5 Bxd5 13. e4 Bb7 14. Bd2 Na6
15. Bc3 Nc5 16. Bb4 Rfd8 17. Ne5 Bd6 18. Bxc5 Bxe5 19. Be3 Bxb2 20. Rab1 Bd4
21. Rbc1 Bxe3 22. Rxe3 Rac8 23. Rxc8 Rxc8 24. h4 Kf8 25. Re2 e5 26. Rd2 Ke7 27.
f3 Rc3 28. Kf2 f6 29. Bf1 Bc6 30. Bd3 Bd7 31. Ke2 Be6 32. Bb5 Rc8 33. a4 Bc4+
34. Bxc4 Rxc4 35. a5 b5 36. a6 Rc6 37. Rb2 Rb6 38. f4 Kd6 39. Kd3 Kc5 40. fxe5
fxe5 41. Rc2+ Kb4 42. Rc7 Rxa6 43. Rxg7 Ra3+ 44. Kd2 a5 45. g4 Rg3 46. g5 a4
47. Rxh7 a3 48. Ra7 Rg4 49. h5 Rxg5 50. h6 Rh5 51. h7 Rh2+ 52. Kc1 Kb3 53. Ra5
b4 54. Rxe5 Rxh7 55. Rc5 Rh1+ 56. Kd2 a2 0-1

[Event "Open Letni Praha 2017 - A"]
[Site "Praha"]
[Date "2017.08.04"]
[Round "1"]
[White "Pauly, Carlo"]
[Black "Skokan, Frantisek"]
[Result "1-0"]
[WhiteElo "2261"]
[BlackElo "1933"]
[PlyCount "65"]
[EventDate "2017.08.04"]

1. d4 Nf6 2. c4 g6 3. Nc3 d5 4. cxd5 Nxd5 5. Bd2 Nb6 6. e3 Bg7 7. f4 N8d7 8. b4
O-O 9. Nf3 a5 10. a3 axb4 11. axb4 Rxa1 12. Qxa1 c6 13. Qa5 Qc7 14. Bd3 Nf6 15.
e4 Bg4 16. O-O Ra8 17. Qg5 Ra3 18. e5 Bxf3 19. Rxf3 Nfd5 20. Nb1 Rb3 21. f5
Nxb4 22. fxg6 fxg6 23. Bc4+ Nxc4 24. Rxb3 Nxd2 25. Nxd2 c5 26. Ne4 b6 27. Ra3
Qb7 28. Qg4 Qd5 29. Qc8+ Bf8 30. Rf3 Qxd4+ 31. Rf2 Qa1+ 32. Rf1 Qd4+ 33. Kh1
1-0

[Event "Open Letni Praha 2017 - A"]
[Site "Praha"]
[Date "2017.08.04"]
[Round "1"]
[White "Knight, David"]
[Black "Mikes, Jan"]
[Result "0-1"]
[WhiteElo "1932"]
[BlackElo "2253"]
[PlyCount "40"]
[EventDate "2017.08.04"]

1. e4 c5 2. Nf3 d6 3. d4 cxd4 4. Nxd4 Nf6 5. Nc3 a6 6. h3 e5 7. Nde2 h5 8. Bg5
Be6 9. Qd2 Nbd7 10. O-O-O Qa5 11. a3 b5 12. f3 Nb6 13. Ng3 b4 14. Nd5 Bxd5 15.
exd5 Nfxd5 16. Nf5 Rc8 17. Re1 Rc3 18. Re3 bxa3 19. Rxc3 axb2+ 20. Kxb2 Na4+
0-1

[Event "Open Letni Praha 2017 - A"]
[Site "Praha"]
[Date "2017.08.04"]
[Round "1"]
[White "Slampa, Jan"]
[Black "Drahorad, Daniel"]
[Result "1-0"]
[WhiteElo "2252"]
[BlackElo "1925"]
[PlyCount "81"]
[EventDate "2017.08.04"]

1. d4 Nf6 2. c4 e5 3. dxe5 Ng4 4. Bf4 g5 5. Bg3 Bg7 6. Nf3 Nc6 7. e3 Ngxe5 8.
Nxe5 Nxe5 9. Nc3 d6 10. h4 g4 11. h5 Be6 12. h6 Bf6 13. c5 O-O 14. Rh5 Ng6 15.
cxd6 cxd6 16. Bxd6 Re8 17. Ne4 Bxb2 18. Rb1 Bh8 19. Rxb7 Bc8 20. Bc4 Bxb7 21.
Bxf7+ Kxf7 22. Qb3+ Re6 23. Rf5+ Bf6 24. Rxf6+ Qxf6 25. Nxf6 Kxf6 26. Qxb7 Rae8
27. Bc5 Kg5 28. Qxh7 Rc8 29. Qxa7 Kxh6 30. Bd4 Rc1+ 31. Kd2 Rec6 32. Bg7+ Kg5
33. Qa5+ R1c5 34. Qd8+ Kh5 35. Bd4 Rf5 36. Kd3 Ra6 37. e4 Rfa5 38. e5 Rxa2 39.
Ke4 Ra8 40. Qd7 R2a4 41. e6 1-0

[Event "Open Letni Praha 2017 - A"]
[Site "Praha"]
[Date "2017.08.04"]
[Round "1"]
[White "Pavlicek, Petr"]
[Black "Vanek, Ladislav"]
[Result "0-1"]
[WhiteElo "1923"]
[BlackElo "2235"]
[PlyCount "72"]
[EventDate "2017.08.04"]

1. c4 b6 2. Nc3 e6 3. a3 Nf6 4. Nf3 Bb7 5. g3 Be7 6. Bg2 O-O 7. O-O d5 8. cxd5
Nxd5 9. Qc2 Nd7 10. Nxd5 Bxd5 11. e4 Bb7 12. d4 Nf6 13. Re1 c5 14. e5 Nd5 15.
dxc5 bxc5 16. b3 Rb8 17. Bb2 Qb6 18. Nd2 Bc6 19. Rab1 Rfc8 20. Ba1 Qa6 21. Bb2
Ba8 22. Be4 g6 23. h4 Rc7 24. h5 Kg7 25. Nc4 Rf8 26. Bc1 Nb6 27. Qd2 Bxe4 28.
Qh6+ Kg8 29. Rxe4 Rd8 30. Ne3 Qd3 31. hxg6 fxg6 32. Rh4 Bxh4 33. Qxh4 Rd4 34.
Qg5 Qxb1 35. Ng4 Rd1+ 36. Kh2 Qxc1 0-1

[Event "Open Letni Praha 2017 - A"]
[Site "Praha"]
[Date "2017.08.04"]
[Round "1"]
[White "Karayev, Kanan"]
[Black "Borondo Garcia, Raul"]
[Result "1-0"]
[WhiteElo "2228"]
[BlackElo "1922"]
[PlyCount "79"]
[EventDate "2017.08.04"]

1. e4 c5 2. Nf3 e6 3. d4 cxd4 4. Nxd4 a6 5. Nc3 Qc7 6. Be3 Bb4 7. Qd2 Nf6 8. f3
d5 9. exd5 Nxd5 10. Nde2 Nxe3 11. Qxe3 O-O 12. O-O-O Nc6 13. a3 Be7 14. h4 b5
15. Qf4 Qb6 16. Ne4 e5 17. Qg3 Be6 18. N2c3 f6 19. f4 Rad8 20. Bd3 b4 21. axb4
Bxb4 22. f5 Bxc3 23. Nxc3 Bf7 24. h5 h6 25. Rh4 Kh8 26. Rg4 Rg8 27. Bc4 Rxd1+
28. Nxd1 Bxc4 29. Rxc4 Nd4 30. Qe3 Qb5 31. Qd3 Qb7 32. Ne3 Rb8 33. b3 Qe7 34.
Ra4 Qc5 35. Kb2 Rb6 36. Rc4 Qd6 37. Rc8+ Kh7 38. Nc4 Qb4 39. Nxb6 Qxb6 40. Rc4
1-0

[Event "Open Letni Praha 2017 - A"]
[Site "Praha"]
[Date "2017.08.04"]
[Round "1"]
[White "Tejkal, Jiri"]
[Black "Sbarra, Marco"]
[Result "0-1"]
[WhiteElo "1917"]
[BlackElo "2228"]
[PlyCount "82"]
[EventDate "2017.08.04"]

1. d4 Nf6 2. Nf3 d5 3. e3 e6 4. c4 c5 5. Nc3 a6 6. Be2 dxc4 7. Bxc4 b5 8. Be2
Bb7 9. O-O Nbd7 10. dxc5 Bxc5 11. b3 O-O 12. Bb2 Rc8 13. Rc1 Qe7 14. Qd3 Nb6
15. Qb1 b4 16. Na4 Nxa4 17. bxa4 Qd7 18. Rfd1 Qxa4 19. Bd3 h6 20. Bxf6 gxf6 21.
Rc4 Be7 22. Rg4+ Kh8 23. Rh4 f5 24. Rxh6+ Kg7 25. Rh3 Rfd8 26. Be2 Qc2 27. Rg3+
Kf6 28. Qa1+ Qc3 29. Nd4 Bd6 30. Rh3 Be5 31. f4 Bxd4 32. exd4 Qxa1 33. Rxa1
Rxd4 34. Bf3 Bxf3 35. Rxf3 Rc2 36. Rf2 Rxf2 37. Kxf2 Rxf4+ 38. Ke3 Rg4 39. g3
Rc4 40. Kd3 Rc3+ 41. Kd2 Ra3 0-1

[Event "Open Letni Praha 2017 - A"]
[Site "Praha"]
[Date "2017.08.04"]
[Round "1"]
[White "Radeva, Viktoria"]
[Black "Pribyl, Viktor"]
[Result "1-0"]
[WhiteElo "2214"]
[BlackElo "1906"]
[PlyCount "71"]
[EventDate "2017.08.04"]

1. e4 d6 2. d4 Nf6 3. Nc3 Nbd7 4. Nf3 e5 5. Bc4 Be7 6. O-O h6 7. Re1 c6 8. a4
a5 9. h3 Qc7 10. Be3 Nf8 11. d5 g5 12. Nd2 Ng6 13. Be2 Nf4 14. Nc4 Nxe2+ 15.
Qxe2 c5 16. Nb5 Qd8 17. Bxc5 dxc5 18. d6 O-O 19. dxe7 Qxe7 20. Qd2 Be6 21. Nxa5
c4 22. b3 c3 23. Qxc3 Rfc8 24. Nc4 Qc5 25. Nba3 g4 26. Qxe5 Qe7 27. hxg4 Nxg4
28. Qg3 h5 29. Nb6 h4 30. Nxc8 Qg5 31. Ne7+ Kg7 32. Qc3+ Kh7 33. Nf5 Bxf5 34.
exf5 Qf4 35. Qh3 Nxf2 36. Qf3 1-0

[Event "Open Letni Praha 2017 - A"]
[Site "Praha"]
[Date "2017.08.04"]
[Round "1"]
[White "Lindblom, Roar"]
[Black "Egorov, Pavel"]
[Result "0-1"]
[WhiteElo "1904"]
[BlackElo "2205"]
[PlyCount "62"]
[EventDate "2017.08.04"]

1. d4 Nf6 2. c4 g6 3. Nc3 d5 4. cxd5 Nxd5 5. e4 Nxc3 6. bxc3 Bg7 7. Bc4 O-O 8.
Ne2 c5 9. O-O Nc6 10. Be3 Na5 11. Bd3 b6 12. dxc5 bxc5 13. Bxc5 Qc7 14. Bd4 e5
15. Be3 Be6 16. Qc1 Rfd8 17. Rd1 Nc4 18. Rb1 Nxe3 19. Qxe3 Bxa2 20. Ra1 Be6 21.
c4 Bf8 22. Qg3 Bb4 23. Rac1 Qc5 24. h4 h5 25. Nc3 Bxc3 26. Rxc3 Rab8 27. Rdc1
Rb2 28. R3c2 Rxc2 29. Bxc2 Qxc4 30. Qg5 Rc8 31. Qxe5 Qa2 0-1

[Event "Open Letni Praha 2017 - A"]
[Site "Praha"]
[Date "2017.08.04"]
[Round "1"]
[White "Sindler, Michal"]
[Black "Fiser, Jiri"]
[Result "1-0"]
[WhiteElo "2201"]
[BlackElo "1901"]
[PlyCount "65"]
[EventDate "2017.08.04"]

1. e4 c5 2. Nf3 Nc6 3. Bb5 g6 4. Bxc6 dxc6 5. d3 Bg7 6. h3 e5 7. Be3 b6 8. O-O
Ne7 9. Nbd2 O-O 10. a4 f6 11. a5 Be6 12. Nc4 Qc7 13. Nfd2 g5 14. Qb1 Ng6 15. b4
b5 16. Na3 cxb4 17. Qxb4 Rf7 18. Nb3 Bf8 19. Nc5 Bxc5 20. Qxc5 Nf4 21. f3 Qd7
22. Kf2 Rb8 23. Rab1 h5 24. Rfd1 Bxh3 25. Bxf4 exf4 26. gxh3 Qxh3 27. Rh1 Qg3+
28. Ke2 g4 29. Qf2 Qxf2+ 30. Kxf2 g3+ 31. Kg2 Rh7 32. Rh4 Kf7 33. Rxf4 1-0

[Event "Open Letni Praha 2017 - A"]
[Site "Praha"]
[Date "2017.08.04"]
[Round "1"]
[White "Martirosyan, Ara"]
[Black "Mukashev, Assan"]
[Result "1/2-1/2"]
[WhiteElo "1901"]
[BlackElo "2199"]
[PlyCount "48"]
[EventDate "2017.08.04"]

1. e4 c5 2. Nf3 e6 3. Nc3 Nc6 4. Bb5 Nd4 5. O-O Nxb5 6. Nxb5 a6 7. Nc3 d6 8. d4
cxd4 9. Qxd4 Ne7 10. Be3 Nc6 11. Qd2 Be7 12. Rad1 b5 13. Bf4 b4 14. Na4 e5 15.
Be3 Rb8 16. Qd5 Qc7 17. Bg5 Be6 18. Qd3 f6 19. Be3 Qa5 20. g3 O-O 21. Nd2 d5
22. exd5 Qxd5 23. Qxa6 Ra8 24. Qe2 Nd4 1/2-1/2

[Event "Open Letni Praha 2017 - A"]
[Site "Praha"]
[Date "2017.08.04"]
[Round "1"]
[White "Gokhale, Chandrashekhar"]
[Black "Bartos, Miroslav"]
[Result "1-0"]
[WhiteElo "2197"]
[BlackElo "1887"]
[PlyCount "127"]
[EventDate "2017.08.04"]

1. d4 f5 2. Bg5 h6 3. Bh4 g5 4. e4 Bg7 5. Bg3 f4 6. Bxf4 gxf4 7. Qh5+ Kf8 8.
Qf5+ Ke8 9. Be2 Nf6 10. e5 e6 11. Qxf4 d6 12. exf6 Qxf6 13. Qxf6 Bxf6 14. c3
Nd7 15. Nd2 e5 16. dxe5 Nxe5 17. Ngf3 Bf5 18. Nxe5 Bxe5 19. Nc4 Bf6 20. Bf3 Rb8
21. Ne3 Be6 22. O-O Kd7 23. Bg4 Rbe8 24. Rae1 c6 25. h3 h5 26. Bxe6+ Rxe6 27.
Nf5 Rhe8 28. Rxe6 Rxe6 29. Rd1 b5 30. a3 a5 31. Kf1 a4 32. Nd4 Re8 33. g3 d5
34. Nc2 Kd6 35. Nb4 Kc5 36. Rd2 Re6 37. Nd3+ Kc4 38. Nf4 Re5 39. h4 Rf5 40. Ne6
Re5 41. Nd4 Kc5 42. f3 Re8 43. Kf2 Kd6 44. Nf5+ Kc5 45. Kg2 Rf8 46. g4 Rg8 47.
Kh3 hxg4+ 48. fxg4 Rh8 49. Rg2 Bg5 50. Kg3 Bc1 51. Rc2 Bxb2 52. Rxb2 Kc4 53.
Rf2 Kb3 54. Nd4+ Kxa3 55. g5 c5 56. Nxb5+ Kb3 57. Nc7 a3 58. Nxd5 a2 59. Rxa2
Kxa2 60. Nf6 Kb3 61. g6 Rf8 62. g7 Rxf6 63. g8=Q+ c4 64. h5 1-0

[Event "Open Letni Praha 2017 - A"]
[Site "Praha"]
[Date "2017.08.04"]
[Round "1"]
[White "Vinay, Kurth Koti"]
[Black "Yuan, Ye"]
[Result "1/2-1/2"]
[WhiteElo "1881"]
[BlackElo "2197"]
[PlyCount "93"]
[EventDate "2017.08.04"]

1. d4 d5 2. Bf4 Nf6 3. e3 g6 4. Be2 Bg7 5. Nf3 O-O 6. Nbd2 c5 7. c3 b6 8. O-O
Bb7 9. Ne5 Nc6 10. Ndf3 Nd7 11. Nxd7 Qxd7 12. Bb5 Qc8 13. Rc1 c4 14. Qe2 a6 15.
Ba4 b5 16. Bc2 Re8 17. Ne5 Nxe5 18. Bxe5 f6 19. Bg3 e5 20. Bb1 e4 21. f3 exf3
22. Qxf3 Qe6 23. Rce1 a5 24. a3 b4 25. h4 bxa3 26. bxa3 Qe7 27. a4 Qa3 28. h5
f5 29. Qf4 Qf8 30. Bh4 Bc8 31. Rf3 Ra6 32. hxg6 hxg6 33. Bg5 Qd6 34. Qh4 Rb6
35. Rh3 Kf7 36. Qf2 Rf8 37. Bf4 Qa3 38. Rh7 Rh8 39. Rxg7+ Kxg7 40. Be5+ Kg8 41.
Bxh8 Kxh8 42. Qh4+ Kg7 43. Qd8 Qxc3 44. Qc7+ Kh6 45. Qh2+ Kg7 46. Qc7+ Kh6 47.
Qh2+ 1/2-1/2

[Event "Open Letni Praha 2017 - A"]
[Site "?"]
[Date "2017.08.05"]
[Round "2"]
[White "Vanek, Ladislav"]
[Black "Iordachescu, Viorel"]
[Result "0-1"]
[WhiteElo "2235"]
[BlackElo "2581"]
[PlyCount "112"]
[EventDate "2017.??.??"]
[WhiteClock "0:11:24"]
[BlackClock "0:23:39"]

1. d4 Nf6 2. Nf3 e6 3. Bf4 c5 4. e3 Qb6 5. Qc1 Nh5 6. Bg3 Nc6 7. c3 d5 8. Nbd2
Bd7 9. Bd3 Rc8 10. Qb1 g6 11. O-O Nxg3 12. hxg3 Bg7 13. dxc5 Qxc5 14. e4 O-O
15. Nb3 Qb6 16. Rd1 dxe4 17. Bxe4 Rfd8 18. Qc1 Be8 19. Qg5 h6 20. Qc5 Qc7 21.
Qe3 b6 22. g4 Ne5 23. Nxe5 Qxe5 24. Nd2 Qb5 25. Rab1 Qa4 26. a3 Qb5 27. Bf3 Qe5
28. Nf1 Qb5 29. Nd2 Rd7 30. Be2 Qa4 31. Qe4 Rd5 32. Bf3 Rdd8 33. Nf1 Qxe4 34.
Bxe4 Ba4 35. Rxd8+ Rxd8 36. b3 Be8 37. c4 Bf8 38. Ne3 Rd4 39. Bc2 Bc6 40. a4 a5
41. Kf1 Kg7 42. Ke2 Kf6 43. g3 g5 44. Bd3 Bc5 45. Nc2 Rd8 46. Ne1 Rh8 47. Bc2
h5 48. gxh5 Rxh5 49. Nd3 Bd4 50. b4 g4 51. b5 Bf3+ 52. Kd2 Rh2 53. Rf1 e5 54.
Bd1 e4 55. Bxf3 gxf3 56. Nf4 Rxf2+ 0-1

[Event "Open Letni Praha 2017 - A"]
[Site "?"]
[Date "2017.08.05"]
[Round "2"]
[White "Xiu, Deshun"]
[Black "Karayev, Kanan"]
[Result "1-0"]
[WhiteElo "2532"]
[BlackElo "2228"]
[PlyCount "91"]
[EventDate "2017.??.??"]
[WhiteClock "0:06:10"]
[BlackClock "0:03:47"]

1. d4 d5 2. c4 e6 3. Nf3 Nf6 4. g3 Be7 5. Bg2 O-O 6. O-O dxc4 7. Ne5 Nc6 8.
Bxc6 bxc6 9. Nxc6 Qe8 10. Nxe7+ Qxe7 11. Qc2 e5 12. Rd1 Rd8 13. dxe5 Rxd1+ 14.
Qxd1 Qxe5 15. Bf4 Qe7 16. Nc3 Be6 17. Qd4 c5 18. Qd6 Qb7 19. Rd1 h6 20. Be5 Ne4
21. Qc7 Qxc7 22. Bxc7 Nxc3 23. bxc3 Rc8 24. Bd6 Rc6 25. Rd2 f5 26. f3 Kf7 27.
Kf2 Rc8 28. Rb2 Bd7 29. Rb7 Ke6 30. Bc7 a5 31. Rb6+ Kf7 32. Be5 Bc6 33. Ra6 a4
34. Ra7+ Ke6 35. Bxg7 Rb8 36. Rc7 Bd5 37. Rxc5 Rb2 38. Ra5 Rxa2 39. Bxh6 Ra1
40. Bf8 Bc6 41. h4 Rc1 42. Bb4 Rh1 43. Ke3 Rh2 44. Ra6 Kd5 45. Kf4 Rxe2 46.
Kxf5 1-0

[Event "Open Letni Praha 2017 - A"]
[Site "?"]
[Date "2017.08.05"]
[Round "2"]
[White "Sbarra, Marco"]
[Black "Chernyshov, Konstantin"]
[Result "1/2-1/2"]
[WhiteElo "2228"]
[BlackElo "2496"]
[PlyCount "81"]
[EventDate "2017.??.??"]
[WhiteClock "0:02:08"]
[BlackClock "0:13:19"]

1. d4 Nf6 2. c4 e6 3. Nc3 Bb4 4. e3 Bxc3+ 5. bxc3 b6 6. Qf3 Nc6 7. Qg3 O-O 8.
Bd3 d6 9. e4 e5 10. Ne2 Kh8 11. O-O Nh5 12. Qe3 Ba6 13. f4 Nxf4 14. Nxf4 exf4
15. Rxf4 Qd7 16. Rh4 Ne7 17. Qg5 Ng8 18. Bd2 Qe7 19. e5 h6 20. Qf5 g6 21. Qh3
Bc8 22. Rxh6+ Nxh6 23. Qxh6+ Kg8 24. Bg5 f6 25. exf6 Qh7 26. Be4 Be6 27. Bxa8
Qxh6 28. Bxh6 Rxa8 29. Re1 Re8 30. Bg5 Kf7 31. a3 Bxc4 32. Re7+ Rxe7 33. fxe7
c5 34. dxc5 dxc5 35. Kf2 a5 36. g4 b5 37. Be3 b4 38. cxb4 cxb4 39. axb4 axb4
40. Bc5 b3 41. Ba3 1/2-1/2

[Event "Open Letni Praha 2017 - A"]
[Site "?"]
[Date "2017.08.05"]
[Round "2"]
[White "Neuman, Petr"]
[Black "Radeva, Viktoria"]
[Result "1-0"]
[WhiteElo "2457"]
[BlackElo "2214"]
[PlyCount "91"]
[EventDate "2017.??.??"]
[WhiteClock "0:37:47"]
[BlackClock "0:30:03"]

1. c4 e6 2. Nc3 d5 3. d4 Nf6 4. cxd5 exd5 5. Bg5 c6 6. Qc2 Be7 7. e3 Nbd7 8.
Bd3 O-O 9. Nge2 Re8 10. O-O g6 11. f3 Nf8 12. Bh4 Ne6 13. Bf2 Bd6 14. h3 Nh5
15. g4 Nhg7 16. Kg2 Bd7 17. Bg3 Bxg3 18. Nxg3 Qh4 19. Qf2 h5 20. Rh1 Rad8 21.
Rad1 Bc8 22. Be2 Nf8 23. Bd3 Nfe6 24. Bc2 b6 25. Rd2 Bb7 26. f4 c5 27. f5 gxf5
28. gxf5 Ng5 29. f6 N7e6 30. Nf5 Qxf2+ 31. Kxf2 cxd4 32. exd4 Nf4 33. h4 Ne4+
34. Bxe4 dxe4 35. Ke3 Ng6 36. Rg1 Kh7 37. Rg5 Re6 38. Rxh5+ Kg8 39. Ne7+ Nxe7
40. fxe7 Re8 41. Rg2+ Rg6 42. Rxg6+ fxg6 43. Re5 Kf7 44. Nxe4 Bxe4 45. Kxe4
Rxe7 46. Rxe7+ 1-0

[Event "Open Letni Praha 2017 - A"]
[Site "?"]
[Date "2017.08.05"]
[Round "2"]
[White "Egorov, Pavel"]
[Black "Lin, Chen"]
[Result "0-1"]
[WhiteElo "2205"]
[BlackElo "2450"]
[PlyCount "94"]
[EventDate "2017.??.??"]
[WhiteClock "0:10:25"]
[BlackClock "0:53:38"]

1. d4 Nf6 2. c4 g6 3. Nc3 Bg7 4. e4 d6 5. h3 O-O 6. Nf3 e5 7. d5 Nh5 8. g3 Qe7
9. Be3 f5 10. exf5 gxf5 11. Ng5 Nf6 12. Qe2 e4 13. h4 Ng4 14. O-O-O h6 15. Nh3
Nd7 16. Nf4 Nde5 17. Bh3 Nxe3 18. fxe3 Bd7 19. Rhf1 a6 20. Ne6 Bxe6 21. dxe6
Nd3+ 22. Rxd3 exd3 23. Qxd3 Qxe6 24. Bxf5 Qe5 25. Qd5+ Kh8 26. Qxe5 Bxe5 27.
Nd5 Bxg3 28. Ne7 Rf6 29. e4 Re8 30. Ng6+ Kg7 31. Rg1 Rxg6 32. Bxg6 Kxg6 33.
Rxg3+ Kh5 34. Rg7 c5 35. Rxb7 Rxe4 36. Kd2 Rxc4 37. Rb6 Rd4+ 38. Ke3 a5 39. b3
Kxh4 40. Ra6 Kg3 41. Rxa5 h5 42. Ra8 h4 43. Rg8+ Rg4 44. Rf8 h3 45. Rf3+ Kg2
46. Rf2+ Kg1 47. Rd2 h2 0-1

[Event "Open Letni Praha 2017 - A"]
[Site "?"]
[Date "2017.08.05"]
[Round "2"]
[White "Campora, Daniel"]
[Black "Sindler, Michal"]
[Result "1/2-1/2"]
[WhiteElo "2436"]
[BlackElo "2201"]
[PlyCount "134"]
[EventDate "2017.??.??"]
[WhiteClock "0:21:10"]
[BlackClock "0:09:07"]

1. e4 c5 2. Nf3 d6 3. c3 Nf6 4. Bd3 Bg4 5. O-O Nc6 6. h3 Bxf3 7. Qxf3 g6 8. Re1
Bg7 9. Bf1 O-O 10. Qe3 e5 11. Na3 Re8 12. d3 Rb8 13. Nc2 b5 14. b4 cxb4 15.
Nxb4 Nxb4 16. cxb4 Qd7 17. Bb2 d5 18. a3 d4 19. Qd2 h5 20. Reb1 Kh7 21. Bc1
Rec8 22. Qd1 Qc6 23. Bg5 Nd7 24. Qb3 f6 25. Rc1 Qb7 26. Bd2 Nb6 27. Be2 Qd7 28.
Kh2 Bh6 29. Qd1 Bxd2 30. Qxd2 Rxc1 31. Rxc1 Na4 32. f4 Nc3 33. Rf1 exf4 34.
Qxf4 Rb6 35. Bf3 Qd6 36. Qxd6 Rxd6 37. Kg3 Kg7 38. h4 Kf7 39. Kf4 Re6 40. g4
hxg4 41. Bxg4 Re5 42. Rh1 Kg7 43. h5 gxh5 44. Bxh5 Nb1 45. Rg1+ Kf8 46. Rxb1
Rxh5 47. Rc1 Rh3 48. Rc8+ Kf7 49. Rc7+ Ke6 50. Rxa7 Rxd3 51. Ra6+ Ke7 52. e5
fxe5+ 53. Kxe5 Kd7 54. Kd5 Kc7 55. Kc5 Rc3+ 56. Kxd4 Rc4+ 57. Kd3 Kb7 58. Re6
Rc1 59. Kd4 Rc4+ 60. Kd5 Rc3 61. Rh6 Rxa3 62. Kc5 Ra6 63. Rh7+ Kb8 64. Kxb5 Rg6
65. Ka5 Rf6 66. b5 Rg6 67. b6 Rg1 1/2-1/2

[Event "Open Letni Praha 2017 - A"]
[Site "?"]
[Date "2017.08.05"]
[Round "2"]
[White "Gokhale, Chandrashekhar"]
[Black "Vichnar, David"]
[Result "1/2-1/2"]
[WhiteElo "2197"]
[BlackElo "2428"]
[PlyCount "46"]
[EventDate "2017.??.??"]
[WhiteClock "0:47:28"]
[BlackClock "1:13:45"]

1. Nf3 d5 2. g3 Nf6 3. Bg2 c6 4. O-O Bf5 5. d3 e6 6. Nbd2 h6 7. b3 Be7 8. Bb2
O-O 9. e3 a5 10. a4 Nbd7 11. Qe2 Qc7 12. Nh4 Bh7 13. f4 Rfe8 14. Nhf3 Bd6 15.
e4 e5 16. fxe5 Nxe5 17. Nxe5 Bxe5 18. d4 Qb6 19. Qf2 Ng4 20. Qxf7+ Kh8 21. c3
Nf6 22. Kh1 Bg8 23. Qg6 Bh7 1/2-1/2

[Event "Open Letni Praha 2017 - A"]
[Site "?"]
[Date "2017.08.05"]
[Round "2"]
[White "Mammadov, Zaur"]
[Black "Anaskin, Arsenij"]
[Result "1-0"]
[WhiteElo "2424"]
[BlackElo "2188"]
[PlyCount "39"]
[EventDate "2017.??.??"]
[WhiteClock "1:06:42"]
[BlackClock "0:44:10"]

1. d4 Nf6 2. Nf3 e6 3. e3 c5 4. Bd3 Nc6 5. O-O d5 6. b3 Bd6 7. Bb2 O-O 8. Nbd2
b6 9. Ne5 Nb4 10. Be2 Qc7 11. a3 Nc6 12. f4 Nd7 13. c4 Bb7 14. Bd3 Ndxe5 15.
dxe5 Be7 16. cxd5 exd5 17. Qf3 Rfd8 18. e6 Bf8 19. Qh3 g6 20. f5 1-0

[Event "Open Letni Praha 2017 - A"]
[Site "?"]
[Date "2017.08.05"]
[Round "2"]
[White "Toman, Ondrej"]
[Black "Kraus, Tomas"]
[Result "0-1"]
[WhiteElo "2187"]
[BlackElo "2424"]
[PlyCount "80"]
[EventDate "2017.??.??"]
[WhiteClock "0:01:48"]
[BlackClock "0:02:54"]

1. e4 c5 2. Nf3 Nc6 3. Bb5 g6 4. O-O Bg7 5. Bxc6 dxc6 6. d3 e5 7. Bg5 Ne7 8.
Qd2 h6 9. Be3 b6 10. a4 a5 11. Na3 f5 12. Qc3 O-O 13. Qb3+ Kh7 14. Nc4 fxe4 15.
dxe4 Be6 16. Rfd1 Qb8 17. Qd3 Ra7 18. b3 Nc8 19. Qe2 Raf7 20. Ne1 Ne7 21. c3 g5
22. Ra2 Ng6 23. Rad2 Nf4 24. Bxf4 exf4 25. Rd6 Qe8 26. e5 Rf5 27. Rxe6 Qxe6 28.
Rd6 Qe8 29. Nf3 b5 30. Nxa5 g4 31. Nh4 Qxe5 32. Qd1 Re8 33. Kf1 Rf6 34. Rd7
Rfe6 35. Rxg7+ Qxg7 36. Qd3+ Kh8 37. g3 Re1+ 38. Kg2 f3+ 39. Nxf3 gxf3+ 40.
Qxf3 bxa4 0-1

[Event "Open Letni Praha 2017 - A"]
[Site "?"]
[Date "2017.08.05"]
[Round "2"]
[White "Urtnasan, Nasanjargal"]
[Black "Egorov, Konstantin"]
[Result "1-0"]
[WhiteElo "2419"]
[BlackElo "2180"]
[PlyCount "55"]
[EventDate "2017.??.??"]
[WhiteClock "0:57:48"]
[BlackClock "0:01:06"]

1. d4 Nf6 2. c4 e6 3. g3 d5 4. Nf3 Be7 5. Bg2 O-O 6. O-O dxc4 7. Qc2 a6 8. a4
Bd7 9. Qxc4 Bb5 10. Qc2 Bc6 11. Bf4 a5 12. Nc3 Na6 13. e4 Nb4 14. Qe2 Nh5 15.
Be3 Nf6 16. Ne5 Be8 17. Rfd1 Nd7 18. Nc4 Ra6 19. Nb5 c6 20. Nbd6 Qa8 21. h4 Nb6
22. Nxb6 Rxb6 23. d5 c5 24. Nc4 Qa6 25. Bf1 exd5 26. exd5 Rg6 27. h5 Rg5 28. d6
1-0

[Event "Open Letni Praha 2017 - A"]
[Site "?"]
[Date "2017.08.05"]
[Round "2"]
[White "Haase, Pavel"]
[Black "Brokken, Dennis"]
[Result "0-1"]
[WhiteElo "2177"]
[BlackElo "2401"]
[PlyCount "82"]
[EventDate "2017.??.??"]
[WhiteClock "0:01:00"]
[BlackClock "0:27:46"]

1. Nf3 c5 2. e3 d5 3. d4 Nf6 4. c4 cxd4 5. Nxd4 e5 6. Nc2 Nc6 7. Nc3 d4 8. exd4
exd4 9. Nb5 Bc5 10. Bf4 O-O 11. Bd3 Re8+ 12. Kf1 Bg4 13. f3 Nh5 14. Bg3 Be6 15.
Bf2 Nf4 16. b3 Qg5 17. g4 Nxd3 18. Qxd3 Ne5 19. Qd1 d3 20. Ncd4 Bd7 21. Nc7
Bxd4 22. Bxd4 Qf4 23. Bxe5 Rxe5 24. Nd5 Rxd5 25. cxd5 Re8 26. Qxd3 Re3 27. Qxe3
Qxe3 28. Kg2 f5 29. gxf5 Qd2+ 30. Kg3 Qxd5 31. Rae1 Qxf5 32. Re3 Qh3+ 33. Kf2
Qh4+ 34. Kf1 Bb5+ 35. Kg2 Bc6 36. h3 h5 37. Rg1 Qf4 38. Rd3 Bb5 39. Rdd1 Be2
40. Rde1 Qxf3+ 41. Kh2 Qf2+ 0-1

[Event "Open Letni Praha 2017 - A"]
[Site "?"]
[Date "2017.08.05"]
[Round "2"]
[White "Domogaev, Sergey"]
[Black "Aroven, Mikael"]
[Result "1-0"]
[WhiteElo "2400"]
[BlackElo "2175"]
[PlyCount "63"]
[EventDate "2017.??.??"]
[WhiteClock "0:54:43"]
[BlackClock "0:03:04"]

1. d4 Nf6 2. Nf3 g6 3. c4 Bg7 4. Nc3 d6 5. Bg5 Na6 6. e3 O-O 7. h3 c5 8. d5 e5
9. e4 h6 10. Be3 Nh5 11. Qd2 Nf4 12. g3 g5 13. h4 Bg4 14. Nh2 Bd7 15. hxg5 hxg5
16. f3 f5 17. O-O-O Rb8 18. exf5 b5 19. Ng4 Nb4 20. f6 Rxf6 21. Nxf6+ Qxf6 22.
a3 bxc4 23. axb4 Nd3+ 24. Bxd3 cxd3 25. bxc5 dxc5 26. Bxg5 Qg6 27. Bh6 c4 28.
Bxg7 Kxg7 29. g4 Be8 30. Qe3 Qd6 31. Qxa7+ Bf7 32. Rh7+ 1-0

[Event "Open Letni Praha 2017 - A"]
[Site "?"]
[Date "2017.08.05"]
[Round "2"]
[White "Richterova, Natasa"]
[Black "Yagupov, Igor"]
[Result "0-1"]
[WhiteElo "2172"]
[BlackElo "2395"]
[PlyCount "82"]
[EventDate "2017.??.??"]
[WhiteClock "0:00:51"]
[BlackClock "0:34:13"]

1. e4 c5 2. Nf3 Nc6 3. Bb5 g6 4. Bxc6 bxc6 5. d3 Bg7 6. Nbd2 d6 7. h3 e5 8. Nc4
f5 9. c3 Nf6 10. Qa4 Qc7 11. Bg5 O-O 12. Bxf6 Rxf6 13. Ncd2 Rb8 14. Qc2 Bh6 15.
c4 Be6 16. b3 Rbf8 17. O-O-O fxe4 18. dxe4 Rxf3 19. gxf3 Rxf3 20. Kb1 Rxf2 21.
Qd3 d5 22. Rhf1 Qf7 23. Rxf2 Qxf2 24. cxd5 cxd5 25. exd5 Bf5 26. Ne4 Qe3 27.
Qxe3 Bxe3 28. d6 Bxe4+ 29. Kb2 Bg5 30. d7 Bd8 31. Re1 Bf5 32. Rxe5 Bxd7 33.
Rxc5 Bxh3 34. b4 h5 35. a4 h4 36. Rd5 Bf6+ 37. Ka3 Bg2 38. Rd6 Kf7 39. Rd7+ Be7
40. Rxa7 h3 41. Rd7 h2 0-1